[Event "Hainaut-ch"]
[Site "Manage"]
[Date "2008.08.23"]
[Round "6.25"]
[White "Kopijka, Jackie"]
[Black "Bussola, Eric"]
[Result "0-1"]
[WhiteElo "1367"]
[BlackElo "1487"]
[PlyCount "28"]
[EventDate "2008.08.23"]
[EventType "swiss"]
[EventRounds "9"]
[EventCountry "BEL"]
[SourceTitle "EXT 2024"]
[Source "ChessBase"]
[SourceDate "2023.10.10"]
[SourceVersion "1"]
[SourceVersionDate "2023.10.10"]
[SourceQuality "1"]

1. e4 c6 2. Nf3 d5 3. exd5 cxd5 4. b3 Nc6 5. Bb2 Nf6 6. Bxf6 gxf6 7. Nh4 e5 8. Be2 f5 9. g3 Bg7 10. Na3 a6 11. 0-0 f4 12. c4 Bh3 13. Qc2 Nd4 14. Qd3 e4 0-1